000 00615nam a2200193 i 4500
001 117973
003 ES-MaACL
005 20250829061619.0
007 t|
008 070214s1923 sp r ||||1| spa d
100 1 _aPereyra, Carlos,
_d1871-1942
_990541
245 1 3 _aLa conquista de las rutas oceánicas /
_cCarlos Pereyra.
260 _aMadrid :
_bJuan Pueyo,
_c1923.
300 _a293 p. ;
_c19 cm.
650 7 _aDescubrimientos geográficos españoles
_2embne
_911831
650 0 7 _aDescubrimientos geográficos portugueses
_2embne
_911832
852 _aES-MaACL
_jF-12574
999 _c117973
_d117973